LEADER 01309nam a2200241 i 4500 001 000000108451 003 CaOOAMICUS 005 20071126142350.0 008 071126s1970 gw l u000 u eng c 040 $aANG$bita$dROBERTA$dPUL$dLDB 100 1 $aPlotnik, Kenneth.$0(OLS)http://pul/name/66474 245 10$aHervaeus Natalis OP and the controversies over the real presence and transubstantiation /$cKenneth Plotnik. 260 $aMünchen :$bFerdinand Schöningh,$c1970. 300 $axi, 71 p. ;$c23 cm. 490 1 $aVeröffentlichungen des Grabmann-Institutes zur Erforschung der Mittelalterlichen Theologie und Philosophie.$aN.F. ;$v010 504 $aBibliografia (p. [ix]-xi) e indici. 650 14$aTransustanziazione.$0(OLS)http://pul/subject/23634 830 0$aVeröffentlichungen des Grabmann-Institutes zur Erforschung der Mittelalterlichen Theologie und Philosophie.$pN.F. ;$v010.$0(OLS)http://pul/title/15698 850 $aPUL 852 $aPUL$W1$xDP2 Religione 1$y63$m68 D 13$j123597$qStampati$B122534$CPULBib$Z2$F122534 $H48476 $82 941 1 $a8 996 $6245$aHervaeus Natalis OP and the controversies over the real presence and transubstantiation$9(OLS)http://pul/title/136473 996 $6260$aMünchen :$bFerdinand Schöningh$9(OLS)http://pul/publisher/61178 LEADER 01797nam a2200385 a 4500 001 000000132196 003 CaOOAMICUS 005 20121214102117.0 008 121214s2012 vc a u000 u ita r 020 $a978-88-209-8893-7 040 $aPUL$bita 082 04$a230 245 01$a"Relazione"? Una categoria che interpella /$ca cura di Manlio Sodi, Lluis Clavell ; presentazione di S. E. il Card. Gianfranco Ravasi. 260 $aCittà del Vaticano :$bLibreria editrice vaticana,$c©2012. 300 $a443 p. ;$c25 cm 490 1 $aItineraria ;$v08 500 $aIn testa alla cop.: Pontificia Academia Theologica. 504 $aInclude riferimenti bibliografici e indice. 650 4$aDialogo interreligioso.$0(OLS)http://pul/subject/33329 650 4$aPersona (teologia).$0(OLS)http://pul/subject/9353 700 1 $aSodi, Manlio,$cS.D.B.,$d1944-$0(OLS)http://pul/name/32025 700 1 $aClavell, Lluís.$0(OLS)http://pul/name/38469 700 1 $aRavasi, Gianfranco,$ccard.,$d1942-$0(OLS)http://pul/name/17144 710 2 $aPontificia Academia Theologica.$0(OLS)http://pul/name/70336 830 0$aItineraria ;$v08.$0(OLS)http://pul/title/142931 850 $aPUL 852 $aPUL$W1$xSL Religione 3$y85$m230 COLL 3.8$j152142$qDDC 21$B151481$CPULBib$Z2$F151481 $H121324 $82 910 $aPontificia Accademia Teologica Romana$970336 910 $aPontificia Accademia Teologica Romana$970336 941 1 $a9 996 $6020$a978-88-209-8893-7$9(OLS)http://pul/number/151380 996 $6082$a230$9(OLS)http://pul/classification/368 996 $6245$a"Relazione"? Una categoria che interpella$9(OLS)http://pul/title/167007 996 $6260$aCittà del Vaticano :$bLibreria editrice vaticana$9(OLS)http://pul/publisher/47920